000 00588nam a2200193Ia 4500
003 LK-CoDNM
008 010623t1996 xxu||||| |||| 00| 1 sin d
040 _aLK-CoDNM
_dLK-CoDNM
_eLK-CoDNM
041 _asin
080 _a(x) 398.3
_bDIS
100 _aDissanayake, Mudiyanse
245 _aවන්නියේ දෙවි දේවතා සමිභවය සහ ව්‍යාප්තිය
246 _aThe origin development of Gods of Vanniya
260 _bS.Godage
_aColombo
_c1996
300 _b(xv)140, 21 cm
650 _aCulture
650 _aFolklore
942 _cBK
999 _c117884
_d117884